| 000 | 00753nam a2200229 i 4500 | ||
|---|---|---|---|
| 001 | 188075 | ||
| 003 | SpMaBN | ||
| 005 | 20240422151351.0 | ||
| 008 | 180424s1979 sp ac |||| |cspa d | ||
| 020 | _a84-239-4954-0 | ||
| 080 | _a929 (100)"19" | ||
| 100 | 1 |
_aMadariaga, Salvador de, _d1886-1978 _975292 |
|
| 245 | 1 | 0 |
_aCosas y gentes / _cSalvador de Madariaga. |
| 260 |
_aMadrid : _bEspasa-Calpe, _c1979. |
||
| 300 |
_a2 v. : _bil, retr. ; _c23 cm. |
||
| 505 | 8 |
_aContiene: I ; _tEl libro de los prohombres - II ; _tEl libro de las procosas |
|
| 650 | 0 | 4 |
_aBiografĂa- _yS.XX _910577 |
| 740 | 3 | 2 | _aEl libro de los prohombres. |
| 740 | 3 | 2 | _aEl libro de las procosas. |
| 852 |
_aES-MaACL _jL-31966-67 _z- Enc. guaflex |
||
| 999 |
_c188075 _d188075 |
||